Anh hùng hào kiệt Việt Nam

Giới thiệu tóm tắt lịch sử, những chiến công, những thành tựu nổi bật của các anh hùng, hào kiệt tiêu biểu, xuất sắc của Việt Nam từ cuối thế kỷ XIX đến đầu thế kỷ XX; Thư mục: tr. 711-717...

Täydet tiedot

Tallennettuna:
Bibliografiset tiedot
Päätekijä: Vũ, Thanh Sơn
Aineistotyyppi: Kirja
Kieli:Undetermined
Julkaistu: H. Công an nhân dân 2018
Aiheet:
Linkit:http://lrc.tdmu.edu.vn/opac/search/detail.asp?aID=2&ID=34751
Tagit: Lisää tagi
Ei tageja, Lisää ensimmäinen tagi!
Thư viện lưu trữ: Trung tâm Học liệu Trường Đại học Thủ Dầu Một
LEADER 00942nam a2200205Ia 4500
001 TDMU_34751
008 210410s9999 xx 000 0 und d
082 |a 909 
090 |b V500 
100 |a Vũ, Thanh Sơn 
245 0 |a Anh hùng hào kiệt Việt Nam 
245 0 |c Vũ Thanh Sơn 
260 |a H. 
260 |b Công an nhân dân 
260 |c 2018 
300 |a 727tr. 
520 |a Giới thiệu tóm tắt lịch sử, những chiến công, những thành tựu nổi bật của các anh hùng, hào kiệt tiêu biểu, xuất sắc của Việt Nam từ cuối thế kỷ XIX đến đầu thế kỷ XX; Thư mục: tr. 711-717 
650 |a Nhân vật lịch sử  |z Việt Nam; Việt Nam  |x Lịch sử 
856 |u http://lrc.tdmu.edu.vn/opac/search/detail.asp?aID=2&ID=34751 
980 |a Trung tâm Học liệu Trường Đại học Thủ Dầu Một